000 00411 a2200157 4500
999 _c9273
_d9273
020 _a9780199609413
050 _aKF8810BAS2012
100 _aSime Stuart
_eauthor
245 _aA practical approach to civil procedures /
_cStuart Sime
250 _a14th ed
264 _aLondon:
_bOxford,
_c2011
300 _a665p. :
500 _aincludes index
650 _acivil procedures
942 _2lcc
_cBK
_h8810
_iBAS
_kKF